kku e-library facility

Schaum's Outlines of Theory and Problems of Software Engineering (Record no. 136)

MARC details
000 -LEADER
fixed length control field 00423nam a22001337a 4500
005 - DATE AND TIME OF LATEST TRANSACTION
control field 20260120085344.0
008 - FIXED-LENGTH DATA ELEMENTS--GENERAL INFORMATION
fixed length control field 260120b |||||||| |||| 00| 0 eng d
020 ## - INTERNATIONAL STANDARD BOOK NUMBER
International Standard Book Number 0071377948
100 ## - MAIN ENTRY--PERSONAL NAME
Personal name Gustafson A. David
245 ## - TITLE STATEMENT
Title Schaum's Outlines of Theory and Problems of Software Engineering
Statement of responsibility, etc. / David A. Gustafson
260 ## - PUBLICATION, DISTRIBUTION, ETC.
Place of publication, distribution, etc. New York;
Name of publisher, distributor, etc. McGraw-Hill Companies,Inc.
Date of publication, distribution, etc. 2002.
300 ## - PHYSICAL DESCRIPTION
Extent ix, 223p.
Dimensions 27.5cm
942 ## - ADDED ENTRY ELEMENTS (KOHA)
Source of classification or shelving scheme Dewey Decimal Classification
Koha item type Books
Suppress in OPAC No

No items available.

©2025 All rights reserved. KKU